Statistics for Countries by mountain range

Click here to take the quiz!

General Stats

  • This quiz has been taken 26 times
  • The average score is 9 of 15

Answer Stats

Mountain rangeCountry% Correct
Japanese AlpsJapan
100%
PyreneesSpain | Andorra | France
100%
UralsRussia | Kazakhstan
96%
Black ForestGermany
88%
Great Dividing RangeAustralia
67%
Southern AlpsNew Zealand
67%
Dinaric AlpsAlbania | Bosnia | Croatia | Montenegro | Serbia | Kosovo | Slovenia | Italy
54%
DrakensbergSouth Africa | Lesotho
50%
Grampian MountainsUnited Kingdom
50%
Altai MountainsMongolia | China | Kazakhstan | Russia
46%
Taurus MountainsTurkey
46%
PenninesUnited Kingdom
46%
SudetesGermany | Poland | Czech republic
33%
Annamite RangeVietnam | Laos
13%
Ore MountainsGermany | Czech Republic
4%

Score Distribution

Percentile by Number Answered

Percent of People with Each Score

Your Score History

You have not taken this quiz